[Event "Alvise Zichichi mem 7th"]
[Site "Ladispoli"]
[Date "2009.09.20"]
[Round "4"]
[White "Messina, Salvatore"]
[Black "Fasulo, Marco"]
[Result "1/2-1/2"]
[WhiteElo "1524"]
[BlackElo "1616"]
[PlyCount "50"]
[EventDate "2009.09.19"]
[EventType "swiss"]
[EventRounds "8"]
[EventCountry "ITA"]
[SourceTitle "EXT 2012"]
[Source "ChessBase"]
[SourceDate "2011.11.24"]
[SourceVersion "1"]
[SourceVersionDate "2011.11.24"]
[SourceQuality "1"]

1. d4 d5 2. c4 e6 3. Nc3 Nf6 4. Nf3 Be7 5. Bg5 0-0 6. e3 h6 7. Bh4 c6 8. Bd3 a6 9. a4 Qa5 10. 0-0 g5 11. Bg3 Nbd7 12. h4 Nh5 13. hxg5 Nxg3 14. fxg3 dxc4 15. Bxc4 Bxg5 16. Nxg5 Qxg5 17. Qf3 Nb6 18. Bd3 Nd5 19. Rae1 Bd7 20. Ne4 Qg7 21. Bc4 f5 22. Nc3 Kh8 23. Rd1 Qg5 24. e4 Ne3 25. exf5 Nxc4 1/2-1/2